Inazuma Eleven 1 Kirkwood + Zeus - Statistics

Statistiche generali
  • Questo quiz è stato fatto 9 volte
  • Il punteggio medio è 6 su 13
Statistiche sulle risposte
Risposta % Corretto
Colpo supremo
100%
Triangolo Z
86%
Freccia saettante
71%
Tornado inverso
71%
Barriera d'acqua
57%
Grande turbine
29%
Mega colpo
29%
Meteora rimbalzante
29%
Salto temporale
29%
Taglio roteante
29%
Barriera gigante
14%
Freccia turbinosa
14%
Mega parata di forza
0%
Nessun quiz corrispondente trovato
Distribuzione punteggi
Percentuale di utenti per punteggio
Percentile per numero di risposta
I tuoi punteggi nel tempo
Non hai fatto questo quiz